Tableau des médailles olympiques - Boxe - Statistiques

Statistiques générales
  • Ce quiz a été pris 77 fois
  • Le résultat moyen est 10 sur 16
Statistiques - réponses
Total Or Argent Bronze Pays % Correct
25 6 9 10 France
100%
117 50 28 39 États-Unis
96%
62 20 16 16 Grande-Bretagne
91%
31 10 6 15 Russie
91%
20 4 7 9 Allemagne
87%
49 15 16 18 Italie
81%
78 41 19 18 Cuba
76%
43 8 9 26 Pologne
53%
52 14 19 19 Union soviétique
53%
24 7 6 11 Argentine
49%
20 10 1 9 Hongrie
49%
25 1 9 15 Roumanie
49%
23 7 7 9 Kazakhstan
44%
20 3 7 10 Corée du Sud
38%
19 5 5 9 Bulgarie
32%
19 6 4 9 Afrique du Sud
31%
Aucun quiz correspondant
Distribution des résultats
% des personnes avec chaque résultat
Percentile par nombre de réponses
Votre historique - résultats
Vous n’avez pas pris ce quiz